[Event "Let's Play Chess!"]
[Site "http://www.queenalice.com/game.php?id=1298035"]
[Date "2014.7.30"]
[Round "-"]
[White "DIRK_PITT"]
[Black "MINGULA"]
[Result "1-0"]
[WhiteElo "2009"]
[BlackElo "2009"]

1. d4 Nf6 2. e3 c5 3. c3 d5 4. f4 Nc6 5. Nf3 Bg4 6. Be2 e6 7. O-O Bd6 8. b3 O-O
9. Ne5 Bxe2 10. Qxe2 Ne4 11. Bb2 f6 12. Nxc6 bxc6 13. Nd2 Nxd2 14. Qxd2 Rb8 15.
Rf2 e5 16. fxe5 fxe5 17. Rxf8+ Qxf8 18. Rf1 Qe7 19. Ba3 cxd4 20. Bxd6 Qxd6 21.
cxd4 c5 22. Qa5 cxd4 23. Qxa7 dxe3 24. Rf7 1-0

[Event "Let's Play Chess!"]
[Site "http://www.queenalice.com/game.php?id=1298036"]
[Date "2014.7.30"]
[Round "-"]
[White "MINGULA"]
[Black "DIRK_PITT"]
[Result "0-1"]
[WhiteElo "2040"]
[BlackElo "1985"]

1. f4 e6 2. Nf3 d5 3. e3 Bd6 4. b3 f5 5. Bb2 Nf6 6. Be2 O-O 7. O-O Bd7 8. d3 Qe7
9. Ne5 Be8 10. Nd2 Nbd7 11. Ndf3 Bh5 12. Nxd7 Nxd7 13. c4 c6 14. Ne5 Bxe2 15.
Qxe2 Nxe5 16. fxe5 Ba3 17. Bxa3 Qxa3 18. e4 fxe4 19. dxe4 Qc5+ 20. Kh1 dxc4 21.
Rac1 c3 0-1

[Event "Let's Play Chess!"]
[Site "http://www.queenalice.com/game.php?id=1298039"]
[Date "2014.7.30"]
[Round "-"]
[White "DIRK_PITT"]
[Black "ChessColossos"]
[Result "1-0"]
[WhiteElo "1985"]
[BlackElo "1451"]

1. d4 d5 2. e3 Nf6 3. f4 Bg4 4. Nf3 e6 5. Be2 Nc6 6. c3 a5 7. O-O h5 8. c4 dxc4
9. Bxc4 Nb4 10. Nc3 c6 11. a3 Nbd5 12. Qc2 Nxc3 13. bxc3 b5 14. Bd3 Bd6 15. e4
Bc7 16. Ne5 Bxe5 17. fxe5 Nh7 18. h3 Bxh3 19. gxh3 Qh4 20. Qg2 Rg8 21. Qf2 Qxf2+
22. Rxf2 a4 23. Be2 g6 24. Be3 g5 25. Bxh5 Rf8 26. Raf1 Ra7 27. d5 Rc7 28. dxe6
Nf6 29. Rxf6 Ra7 30. Bxa7 Ke7 31. Bc5+ 1-0

[Event "Let's Play Chess!"]
[Site "http://www.queenalice.com/game.php?id=1416034"]
[Date "2016.4.1"]
[Round "-"]
[White "DIRK_PITT"]
[Black "masam2014"]
[Result "1-0"]
[WhiteElo "2029"]
[BlackElo "1667"]

1. d4 d5 2. e3 e6 3. f4 c5 4. c3 Nc6 5. Nf3 Nf6 6. Bd3 Be7 7. O-O O-O 8. Ne5 Qc7
9. Nd2 cxd4 10. exd4 Bd6 11. Ndf3 Bxe5 12. fxe5 Nd7 13. Bxh7+ Kxh7 14. Ng5+ Kg8
15. Qh5 1-0

[Event "Let's Play Chess!"]
[Site "http://www.queenalice.com/game.php?id=1443382"]
[Date "2016.9.29"]
[Round "-"]
[White "DIRK_PITT"]
[Black "chessplayer123"]
[Result "1-0"]
[WhiteElo "2030"]
[BlackElo "1833"]

1. d4 Nf6 2. e3 g6 3. f4 Bg7 4. Nf3 O-O 5. Bd3 d5 6. O-O Ne4 7. Nbd2 f5 8. c4 c6
9. c5 e6 10. Ne5 b5 11. Ndf3 Nd7 12. Nxc6 Qe8 13. Bxb5 a5 14. Nce5 Bxe5 15. Nxe5
Qe7 16. Nxd7 Bxd7 17. Bxd7 Qxd7 18. b3 Rfb8 19. a3 1-0

[Event "Let's Play Chess!"]
[Site "http://www.queenalice.com/game.php?id=1443619"]
[Date "2016.9.30"]
[Round "-"]
[White "Tavinho92"]
[Black "DIRK_PITT"]
[Result "0-1"]
[WhiteElo "1682"]
[BlackElo "2040"]

1. e4 e6 2. Nf3 d5 3. exd5 exd5 4. d4 Nf6 5. Nc3 Bb4 6. Bd2 O-O 7. g3 Re8+ 8.
Be3 Ne4 9. Qd3 Bf5 10. Qb5 Bxc3+ 11. bxc3 b6 12. c4 Nd6 13. Qa4 dxc4 14. Bxc4
Nxc4 15. Qxc4 Be4 16. Qe2 Qd5 17. c4 Bxf3 18. cxd5 Bxe2 19. Kxe2 Nd7 20. Rac1
Rac8 21. Rc6 Nf6 22. d6 cxd6 23. Rxd6 Rc2+ 24. Kf3 Rxa2 25. Rc6 Nd5 26. Rhc1 f6
27. h4 Ra3 28. Rc8 Rxc8 29. Rxc8+ Kf7 30. Ke4 Ra5 31. Bd2 f5+ 32. Kd3 Ra4 33. f3
a5 34. g4 fxg4 35. fxg4 Ra3+ 36. Kc4 Ne3+ 37. Bxe3 Rxe3 38. Rc7+ Re7 39. Rc6 a4
40. Rxb6 Ra7 41. Rb1 a3 42. Ra1 a2 43. Kb3 Ke6 44. Kc4 Kd6 45. g5 g6 46. d5 Ra8
47. Kd4 Ra4+ 48. Kc3 Kxd5 49. Kb3 Ra7 50. Rxa2 Rxa2 51. Kxa2 Ke5 52. h5 gxh5 53.
Kb2 h4 0-1

[Event "Let's Play Chess!"]
[Site "http://www.queenalice.com/game.php?id=1443620"]
[Date "2016.10.1"]
[Round "-"]
[White "tucuman"]
[Black "DIRK_PITT"]
[Result "0-1"]
[WhiteElo "1833"]
[BlackElo "2041"]

1. e4 e6 2. d4 d5 3. e5 c5 4. Nf3 Nc6 5. Bb5 Bd7 6. Bxc6 bxc6 7. c3 cxd4 8. cxd4
Qa5+ 9. Nc3 Qa6 10. Qe2 Qxe2+ 11. Nxe2 c5 12. O-O Bb5 13. Re1 c4 14. Nc3 Ba6 15.
a3 Rb8 16. h3 Be7 17. Nh2 Bd8 18. Rf1 Ne7 19. Rb1 Nc6 20. Be3 Bb6 21. Rfd1 Na5
22. Rf1 Nb3 23. Rfd1 O-O 24. Nf3 Rb7 25. Nh4 Bd8 26. Nf3 f5 27. exf6 Bxf6 28.
Nh2 Rfb8 29. Ng4 Be7 30. Bf4 Rf8 31. Be3 Bd6 32. g3 Na5 33. Ne5 Rfb8 34. g4 Rxb2
35. Rxb2 Rxb2 36. Rb1 Bxa3 37. Rxb2 Bxb2 38. Na4 Ba3 39. h4 Bb4 40. h5 c3 41.
Nxc3 Bxc3 42. g5 Nb3 43. g6 Bxd4 44. Bxd4 Nxd4 45. gxh7+ Kxh7 46. f4 Be2 47. Nf7
Bxh5 0-1

[Event "Let's Play Chess!"]
[Site "http://www.queenalice.com/game.php?id=1444467"]
[Date "2016.10.7"]
[Round "-"]
[White "DIRK_PITT"]
[Black "chessplayer123"]
[Result "1-0"]
[WhiteElo "2049"]
[BlackElo "1794"]

1. d4 d5 2. e3 c6 3. f4 Bf5 4. Nf3 Nf6 5. Bd3 Bxd3 6. Qxd3 Nbd7 7. Nbd2 e6 8.
O-O Bd6 9. c3 O-O 10. Ne5 Nb6 11. Rf3 c5 12. Rh3 c4 13. Qe2 Re8 14. g4 Bxe5 15.
fxe5 Ne4 16. Nxe4 Nd7 17. Nd6 1-0

[Event "Let's Play Chess!"]
[Site "http://www.queenalice.com/game.php?id=1444825"]
[Date "2016.10.11"]
[Round "-"]
[White "DIRK_PITT"]
[Black "josebaron"]
[Result "1-0"]
[WhiteElo "2053"]
[BlackElo "1978"]

1. d4 d5 2. e3 Nf6 3. f4 e6 4. Nf3 Be7 5. Bd3 Nbd7 6. O-O O-O 7. Nbd2 h6 8. Ne5
Nxe5 9. fxe5 Nh7 10. c3 f5 11. exf6 Rxf6 12. Rxf6 Nxf6 13. e4 dxe4 14. Nxe4 c6
15. Nxf6+ Bxf6 16. Qg4 Bg5 17. Bxg5 Qxg5 18. Qxg5 hxg5 19. Bg6 Bd7 20. Re1 Rf8
21. Re5 Rf6 22. Rxg5 b5 23. Be4 a5 24. Rc5 e5 25. Rxe5 Kf7 26. Rc5 Rd6 27. Kf2
g6 28. Kg3 Re6 29. Re5 Rf6 30. Bf3 Rd6 31. a4 1-0

[Event "Let's Play Chess!"]
[Site "http://www.queenalice.com/game.php?id=1445010"]
[Date "2016.10.10"]
[Round "-"]
[White "Bobby_F"]
[Black "DIRK_PITT"]
[Result "1-0"]
[WhiteElo "2671"]
[BlackElo "2055"]

1. e4 e6 2. d4 d5 3. Nc3 Bb4 4. e5 c5 5. a3 Bxc3+ 6. bxc3 Qa5 7. Bd2 Qa4 8. Qg4
Kf8 9. Nf3 Qxc2 10. Rc1 Qg6 11. Qxg6 hxg6 12. c4 Ne7 13. cxd5 Nxd5 14. Rxc5 Ke7
15. Rc2 b6 16. Bc4 Bb7 17. h4 Na6 18. Ke2 Nac7 19. Rhc1 Rad8 20. g3 f6 21. Bd3
Rd7 22. Bxg6 Ba6+ 23. Ke1 Bb7 24. h5 Rc8 25. exf6+ gxf6 26. g4 Kd6 27. g5 fxg5
28. Ne5 Rg7 29. Bxg5 Rcg8 30. Rc6+ 1-0

[Event "Let's Play Chess!"]
[Site "http://www.queenalice.com/game.php?id=1446014"]
[Date "2016.10.16"]
[Round "-"]
[White "DIRK_PITT"]
[Black "ulisses34"]
[Result "1-0"]
[WhiteElo "2066"]
[BlackElo "1925"]

1. d4 e6 2. e3 d5 3. f4 Qh4+ 4. g3 Qe7 5. Nf3 Nf6 6. Bd3 Ne4 7. Nbd2 Qb4 8. Bxe4
dxe4 9. c3 Qb5 10. Nxe4 Be7 11. Ne5 Nc6 12. Qd3 Qxd3 13. Nxd3 f5 14. Nef2 Bd7
15. e4 fxe4 16. Nxe4 Na5 17. b3 Bc6 18. Ndf2 Kf7 19. O-O Kg6 20. Nd2 b5 21. Ng4
Kf5 22. Ne5 Be8 23. g4+ 1-0

[Event "Let's Play Chess!"]
[Site "http://www.queenalice.com/game.php?id=1446257"]
[Date "2016.10.18"]
[Round "-"]
[White "ulisses34"]
[Black "DIRK_PITT"]
[Result "0-1"]
[WhiteElo "1915"]
[BlackElo "2076"]

1. e4 e6 2. e5 d5 3. d4 c5 4. b3 Nc6 5. Nf3 Qb6 6. Bb2 Bd7 7. c3 Rc8 8. Na3 cxd4
9. Nxd4 Nxe5 10. Nac2 Ne7 11. Be2 N7c6 12. Ne3 Nxd4 13. cxd4 Qa5+ 14. Kf1 Nc6
15. Ng4 Ba3 16. Bxa3 Qxa3 17. Ne5 Nb4 18. Nxd7 Kxd7 19. g3 Rc2 20. Bb5+ Ke7 21.
Kg2 Rhc8 22. Qg4 Kf8 23. Bd3 Nxd3 0-1

[Event "Let's Play Chess!"]
[Site "http://www.queenalice.com/game.php?id=1446699"]
[Date "2016.10.22"]
[Round "-"]
[White "DIRK_PITT"]
[Black "zubarev"]
[Result "1-0"]
[WhiteElo "2095"]
[BlackElo "1930"]

1. d4 d5 2. e3 Nc6 3. f4 Nf6 4. Nf3 e6 5. c3 Be7 6. Bd3 Ne4 7. Nbd2 f5 8. Ne5
Bh4+ 9. g3 O-O 10. Bxe4 fxe4 11. gxh4 Qxh4+ 12. Kf1 Ne7 13. Qg4 Qf2+ 14. Kxf2
1-0

[Event "Let's Play Chess!"]
[Site "http://www.queenalice.com/game.php?id=1446740"]
[Date "2016.10.21"]
[Round "-"]
[White "DIRK_PITT"]
[Black "ulisses34"]
[Result "1-0"]
[WhiteElo "2086"]
[BlackElo "1916"]

1. d4 d5 2. e3 e6 3. f4 Nc6 4. Nf3 Bd6 5. Bd3 Nf6 6. Nbd2 Bd7 7. Ne5 Qe7 8. c3
a6 9. O-O Na5 10. b4 Nc6 11. Qc2 Na7 12. a4 Nh5 13. Ndf3 h6 14. Bg6 fxg6 15.
Nxg6 Qf6 16. Nxh8 O-O-O 17. Ng6 Be8 18. Nge5 Bxe5 19. fxe5 Qf7 20. g4 g6 21.
gxh5 gxh5 22. Rf2 Bd7 23. Qe2 Qg6+ 24. Rg2 Qe8 25. Qc2 Nc6 26. b5 axb5 27. axb5
Nb8 28. b6 c6 29. Ra8 Qe7 30. Ba3 Qf7 31. Bd6 1-0

[Event "Let's Play Chess!"]
[Site "http://www.queenalice.com/game.php?id=1576089"]
[Date "2019.7.2"]
[Round "-"]
[White "DIRK_PITT"]
[Black "Bigchess"]
[Result "0-1"]
[WhiteElo "2103"]
[BlackElo "1851"]

1. c4 Nf6 2. Nc3 e5 3. g3 Be7 4. Bg2 d6 5. d3 Nc6 6. e4 Nd4 7. Nge2 c5 8. O-O
Bg4 9. h3 Be6 10. Nd5 Bxd5 11. cxd5 a6 12. Nxd4 cxd4 13. Qb3 b5 14. a4 bxa4 15.
Rxa4 O-O 16. Qa3 a5 17. Bd2 Qd7 18. Rxa5 Rxa5 19. Qxa5 Qb7 20. Qb4 Qa6 21. Qc4
Qb7 22. b4 Bd8 23. Qc6 Qa7 24. Rc1 Qa2 25. Rc2 Qb1+ 26. Bf1 Qb3 27. b5 Be7 28.
Qc4 Qxc4 29. dxc4 Nxe4 30. Bb4 Rb8 31. Bd3 Nc5 32. Bxc5 dxc5 33. Ra2 Bd8 34. Bf5
f6 35. Bd7 g5 36. g4 Kg7 37. Ra7 Kh8 38. Bf5 Bb6 39. Rf7 Ra8 40. Rxf6 Ra1+ 41.
Kg2 Ra3 42. Rxb6 d3 43. Ra6 d2 44. Bc2 Rc3 45. Bd1 Rc1 46. d6 Rxd1 47. d7 Rg1+
48. Kh2 d1=Q 49. Ra8+ Kg7 50. d8=Q Rh1+ 51. Kg3 Qg1+ 52. Kf3 Rxh3+ 53. Ke2 Qxg4+
54. Kd2 Qf4+ 55. Kc2 Qxc4+ 56. Kd2 Qc3+ 57. Ke2 Qf3+ 0-1

[Event "Let's Play Chess!"]
[Site "http://www.queenalice.com/game.php?id=1576610"]
[Date "2019.7.7"]
[Round "-"]
[White "DIRK_PITT"]
[Black "yvanven2020victoria"]
[Result "1-0"]
[WhiteElo "2105"]
[BlackElo "2066"]

1. c4 Nf6 2. Nc3 g6 3. g3 Bg7 4. Bg2 O-O 5. e4 d6 6. Nge2 e5 7. O-O Nc6 8. d3
Nd7 9. Nd5 Ne7 10. Nec3 c6 11. Nxe7+ Qxe7 12. Be3 f5 13. f4 Nf6 14. Qc2 Ng4 15.
Bd2 exf4 16. Ne2 fxe4 17. Bxe4 f3 18. Rxf3 Rxf3 19. Bxf3 Ne5 20. Be4 Be6 21. Rf1
1-0

[Event "Let's Play Chess!"]
[Site "http://www.queenalice.com/game.php?id=1577302"]
[Date "2019.7.14"]
[Round "-"]
[White "DIRK_PITT"]
[Black "Bigchess"]
[Result "1-0"]
[WhiteElo "2116"]
[BlackElo "1871"]

1. c4 e5 2. Nc3 Nf6 3. g3 d6 4. Bg2 Be7 5. d3 c6 6. e4 Be6 7. Nge2 Nbd7 8. h3
Nc5 9. b4 Na6 10. a3 Rb8 11. Be3 d5 12. Bxa7 Ra8 13. cxd5 cxd5 14. exd5 Bxh3 15.
Bxh3 Rxa7 16. Qa4+ Kf8 17. b5 Bc5 18. bxa6 Qb6 19. O-O Rxa6 20. Qb5 Qa7 21. a4
Ra5 22. Qc4 b6 23. d4 exd4 24. Nxd4 Bxd4 25. Qxd4 h5 26. Rfb1 1-0

[Event "Let's Play Chess!"]
[Site "http://www.queenalice.com/game.php?id=1577354"]
[Date "2019.7.15"]
[Round "-"]
[White "DIRK_PITT"]
[Black "alshelmany"]
[Result "1/2-1/2"]
[WhiteElo "2145"]
[BlackElo "1100"]

1. c4 e6 2. Nc3 c5 3. Nf3 Nc6 4. e3 d5 5. d4 Nf6 6. a3 dxc4 7. Bxc4 a6 8. O-O b5
9. Ba2 Bb7 10. Qe2 Bd6 11. Rd1 Qc7 12. dxc5 Bxc5 13. b4 Bd6 14. h3 Ne5 15. Nxe5
Bxe5 16. Bb2 O-O 17. Rac1 Qb8 18. Bb1 Rd8 19. Rxd8+ Qxd8 20. Rd1 Qe7 21. Qd3 g6
22. Rd2 Rc8 23. f4 Bxc3 24. Bxc3 Ne4 25. Rc2 Qh4 26. Bf6 Qe1+ 27. Kh2 Qg3+ 28.
Kg1 Qe1+ 29. Kh2 1/2-1/2

[Event "2/2"]
[Site "http://www.queenalice.com/game.php?id=1578885"]
[Date "2019.7.30"]
[Round "-"]
[White "DIRK_PITT"]
[Black "V_i_n_c_e_n_t"]
[Result "0-1"]
[WhiteElo "2145"]
[BlackElo "2144"]

1. c4 e5 2. Nc3 Nf6 3. g3 Bc5 4. Bg2 Ng4 5. e3 d6 6. h3 Nf6 7. Nge2 c6 8. Na4
Bb4 9. a3 Ba5 10. b4 Bc7 11. Nac3 Be6 12. d3 O-O 13. O-O Qc8 14. Kh2 Nbd7 15.
Bb2 h6 16. a4 Nh7 17. b5 Ndf6 18. bxc6 bxc6 19. Bxc6 Bxh3 20. Bxa8 Ng4+ 21. Kg1
Qxa8 22. Nd5 Ba5 23. Ba3 Ng5 24. Nc1 Nf6 25. e4 Nxd5 26. cxd5 Bxf1 27. Qxf1 Qd8
28. Nb3 Bb6 29. Bc1 f5 30. a5 Bxf2+ 0-1